|
|
|
|
| LEADER |
00000cam a2200000 7i4500 |
| 001 |
0000047770 |
| 005 |
20150525.0 |
| 008 |
150525 |
| 020 |
|
|
|a 9789675759147
|
| 020 |
|
|
|a 9789675759178 (set)
|
| 090 |
0 |
0 |
|a MOR
|b MAL
|
| 100 |
1 |
|
|a Ghazali Ngah Azia
|
| 100 |
1 |
|
|a JF
|b SC MAL (752)
|
| 100 |
1 |
|
|a Perintis pealan induk
|c Ghazali Ngah Azia
|
| 245 |
1 |
0 |
|a Kerbau Balau Untuk Aidiladha
|c Ghazali Ngah Azia
|
| 260 |
|
|
|a Kelantan :
|b Norlie Publishing ,
|c 2014
|
| 490 |
0 |
|
|a Siri Muhibah,Harmoni Dan Perpaduan
|
| 999 |
|
|
|a 0001316601
|b Book
|c Children Collection
|e Cawangan Bukit Gambir
|
| 999 |
|
|
|a 0001316602
|b Book
|c Children Collection
|e Cawangan Segamat
|
| 999 |
|
|
|a 0001316603
|b Book
|c Children Collection
|e Cawangan Batu Pahat
|
| 999 |
|
|
|a 0001316604
|b Book
|c Children Collection
|e Cawangan Kota Tinggi
|
| 999 |
|
|
|a 0001316605
|b Book
|c Children Collection
|e Cawangan Bandar Penawar
|
| 999 |
|
|
|a 0001316606
|b Book
|c Children Collection
|e Cawangan Sri Merlong
|
| 999 |
|
|
|a 0001316607
|b Book
|c Children Collection
|e Cawangan Pontian
|
| 999 |
|
|
|a 0001316608
|b Book
|c Children Collection
|e Cawangan Mersing
|
| 999 |
|
|
|a 0001316609
|b Book
|c Children Collection
|e Cawangan Taman Sri Lambak
|
| 999 |
|
|
|a 0001316610
|b Book
|c Adult Collection
|e Cawangan Muar
|
| 999 |
|
|
|a 0001316611
|b Book
|c Children Collection
|e Cawangan Tangkak
|
| 999 |
|
|
|a 0001316612
|b Book
|c Children Collection
|e Cawangan Tmn. Ungku Tun Aminah
|
| 999 |
|
|
|a 1316610
|b Book
|c Children Collection
|e Cawangan Muar
|